Football club ayant le plus de saison passée en ligue 1 - Statistiques

Statistiques générales
  • Ce quiz a été pris 81 fois
  • Le résultat moyen est 8 sur 10
Statistiques - réponses
Saison Club % Correct
74 Om
92%
64 Lille
91%
68 Rennes
91%
70 Saint Etienne
91%
69 Bordeaux
88%
65 Ol
82%
65 Nice
81%
65 Monaco
80%
64 Metz
55%
66 Sochaux
54%
Aucun quiz correspondant
Distribution des résultats
% des personnes avec chaque résultat
Percentile par nombre de réponses
Votre historique - résultats
Vous n’avez pas pris ce quiz